书目信息 |
| 题名: |
电工产品购销手册
|
|
| 作者: | 秦瑛 , 张锡成 主编 | |
| 分册: | ||
| 出版信息: | 北京 物资出版社 1985 |
|
| 页数: | 1021页 | |
| 开本: | 13cm | |
| 丛书名: | ||
| 单 册: | ||
| 中图分类: | F764.5-62 | |
| 科图分类: | ||
| 主题词: | 电器--商品--手册 , 电工--设备--商品--手册 | |
| 电子资源: | ||
| ISBN: | ||
| 000 | 00719nam0 2200253 45 | |
| 001 | 0185002764 | |
| 005 | 20050404144932.6 | |
| 010 | @dCNY5.90 | |
| 091 | @a4254.100 | |
| 100 | @a19900816d1985 em y0chiy0121 ea | |
| 101 | 0 | @achi |
| 102 | @aCN@b110000 | |
| 105 | @ay z 000yy | |
| 200 | 10 | @a电工产品购销手册@Adian gong chan pin gou xiao shou ce@f秦瑛, 张锡成主编@FQin Ying,Zhang Xi Cheng Zhu Bian |
| 210 | @a北京@c物资出版社@d1985 | |
| 215 | @a1021页@d13cm | |
| 606 | @a电器@x商品@x手册 | |
| 606 | @a电工@x设备@x商品@x手册 | |
| 690 | @aF764.5-62@v3 | |
| 701 | 0 | @a秦瑛@4主编 |
| 701 | 0 | @a张锡成@4主编 |
| 801 | 0 | @aCN@b深圳图书馆@c20050404 |
| 801 | 2 | @aCN@bNLC@c20050404 |
| 905 | @f1@b156197@dF764.5-62@e6 | |
| 电工产品购销手册/秦瑛, 张锡成主编.-北京:物资出版社,1985 |
| 1021页;13cm |
| ISBN :CNY5.90 |
| ● |
| 相关链接 |
|
|
|
|
正题名:电工产品购销手册
索取号:F764.5-62/6
 
预约/预借
| 序号 | 登录号 | 条形码 | 馆藏地/架位号 | 状态 | 备注 |
| 1 | 0156197 | 000489723 | 第一借阅区/ [索取号:F764.5-62/6] | 在馆 | |
| 2 | 0156198 | 000489732 | 第一样本阅览室/ [索取号:F764.5-62/6] | 在馆 |